Datum a čas kvízu
20
Celkem bodů
Celkový počet nahraných bodů na tomto kvízu bez doplňovacích otázek.
13.
Pořadí na kvízu
Konečné umístění týmu na tomto kvízu.
Zaznamenané odpovědi
| # | Otázka | Odpověď | Body | Výsledky |
|---|---|---|---|---|
| 1. | Ministr školství Robert Plaga... | 26. června | 1 | |
| 2. | Minulou středu odstartovala z... | A | 1 | |
| 3. | Která česká zpěvačka a herečka... | Marta Jandová | 0 | |
| 4. | Jeden evropský výrobce nákladn... | Mercedes(-Benz) | 0 | |
| 5. | Který slavný sportovec minulý... | Tiger Woods | 0 | |
| 6. | Vítězné téma facebookového hla... | 1A 2C 3D 4B | 1 | |
| 7. | Ve Formuli 1 můžeme občas zazn... | A | 1 | |
| 8. | Nejvíce velkých cen, k sezóně... | A | 0 | |
| 9. | Tato stáj působila ve Formuli... | Brawn GP | 0 | |
| 10. | Ve kterém státě se nachází záv... | v Mexiku | 0 |